| 000 | 00834nam a22002777a 4500 | ||
|---|---|---|---|
| 005 | 20230512223303.0 | ||
| 008 | 190617t xxu||||| |||| 00| 0 eng d | ||
| 020 | _a9781635494686 | ||
| 040 | _cCSPC | ||
| 082 | 0 |
_a621 _bIn891 |
|
| 245 | 0 | 0 | _aAn introduction to mechanical engineering |
| 260 |
_aNew York : _bLarsen & Keller _c2017. |
||
| 300 |
_aVI, 267 pages : _bimages : _c26 cm. |
||
| 336 |
_2rdacontent _atext |
||
| 337 |
_2rdamedia _aunmediated |
||
| 338 |
_2rdacarrier _avolume |
||
| 500 | _aIncludes bibliographical references and index. | ||
| 650 | 1 | 0 | _aMechanical engineering. |
| 650 | 1 | 0 | _aMachinery. |
| 650 | 1 | 0 | _aCompute-aided engineering. |
| 700 | 1 |
_aBrayden Anderson _eeditor |
|
| 940 | _a123 | ||
| 942 |
_cBOOK _jENG 621 In891 2017 |
||
| 999 |
_c9231 _d9231 |
||